| 000 | 01067cam a22003257i 4500 | ||
|---|---|---|---|
| 001 | 2806 | ||
| 005 | 20240116090107.0 | ||
| 020 | _a9780316286121 (pb) | ||
| 020 | _a0316286125 (pb) | ||
| 020 | _a9780316285773 (hc) | ||
| 020 | _a0316285773 (hc) | ||
| 020 | _a9781442045569 (Paw Prints) | ||
| 020 | _a1442045566 (Paw Prints) | ||
| 040 |
_aDLC _beng _cDLC _erda _dDLC |
||
| 050 | 0 | 0 | _aPZ7.F5992 |
| 082 | _a823.91 | ||
| 100 | 1 |
_aFleischman, Sid _d1920-2010 _eauthor |
|
| 245 | 1 | 0 |
_aBy the great Horn Spoon! / _cby Sid Fleischman ; illustrated by Eric von Schmidt |
| 250 | _aRepublished in 1986 | ||
| 260 |
_aBoston : _bAtlantic Monthly Press, _c1963 |
||
| 300 |
_a193 pages : _billustrations ; _c20 cm |
||
| 500 | _a"Republished in 1988." | ||
| 505 | _aO | ||
| 520 | _aJack and the butler stow away on a side-wheeler bound for California where they join the Gold Rush of 1849. | ||
| 521 |
_a730 _bLexile |
||
| 521 |
_aO _bRaz-Plus |
||
| 700 | 1 |
_aSchmidt, Eric von _eillustrator |
|
| 906 |
_a7 _bcbc _corignew _d4 _encip _f20 _gy-gencatlg |
||
| 942 |
_2ddc _cBK _n0 |
||
| 999 |
_c2806 _d2806 |
||